Fancy Nancy and the sensational babysitter / (Record no. 1400)

MARC details
000 -LEADER
fixed length control field 01072nam a22002897a 4500
005 - DATE AND TIME OF LATEST TRANSACTION
control field 20250808150241.0
020 ## - INTERNATIONAL STANDARD BOOK NUMBER
International Standard Book Number 9780061703782 (pbk. bdg.)
020 ## - INTERNATIONAL STANDARD BOOK NUMBER
International Standard Book Number 9780061703782
040 ## - CATALOGING SOURCE
Original cataloging agency DLC
Transcribing agency DLC
Language of cataloging eng
Modifying agency FISKH
050 00 - LIBRARY OF CONGRESS CALL NUMBER
Classification number PZ7.O222
082 ## - DEWEY DECIMAL CLASSIFICATION NUMBER
Classification number Fic
100 1# - MAIN ENTRY--PERSONAL NAME
Personal name O'Connor, Jane.
245 10 - TITLE STATEMENT
Title Fancy Nancy and the sensational babysitter /
Statement of responsibility, etc. Jane O'Connor, interior illustrations by Aleksey and Olga Ivanov.
250 ## - EDITION STATEMENT
Edition statement 1st ed.
260 ## - PUBLICATION, DISTRIBUTION, ETC.
Place of publication, distribution, etc. New York :
Name of publisher, distributor, etc. HarperFestival,
Date of publication, distribution, etc. 2010.
300 ## - PHYSICAL DESCRIPTION
Extent 22 pages :
Other physical details illustrations ;
Dimensions 21 cm
490 0# - SERIES STATEMENT
Series statement Fancy Nancy
505 ## - FORMATTED CONTENTS NOTE
Formatted contents note F
520 ## - SUMMARY, ETC.
Summary, etc. Nancy is excited about her new babysitter coming over and has the whole evening planned out. But things don't turn out quite the way she expected. Her babysitter, Alex, is a teenager, but Alex is a boy, not a girl!
521 ## - TARGET AUDIENCE NOTE
Target audience note 420 <br/>
Source Lexile estimate
521 ## - TARGET AUDIENCE NOTE
Target audience note F <br/>
Source Raz-Plus
700 1# - ADDED ENTRY--PERSONAL NAME
Personal name Ivanov, A.
Fuller form of name (Aleksey),
Relator term illustrator
700 1# - ADDED ENTRY--PERSONAL NAME
Personal name Ivanov, O.
Fuller form of name (Olga),
Relator term illustrator
906 ## - LOCAL DATA ELEMENT F, LDF (RLIN)
a 7
b cbc
c orignew
d 4
e epcn
f 20
g y-gencatlg
942 ## - ADDED ENTRY ELEMENTS (KOHA)
Source of classification or shelving scheme Dewey Decimal Classification
Koha item type Books
Suppress in OPAC No
999 ## -
-- 1400
-- 1400
Holdings
Withdrawn status Lost status Source of classification or shelving scheme Damaged status Not for loan Collection Home library Current library Shelving location Date acquired Total Checkouts Full call number Barcode Date last seen Date last checked out Price effective from Koha item type Copy number
    Dewey Decimal Classification     Juvenile Fiction Footprints International School Library Network Toul Kork Campus Footprints International School Library Network Toul Kork Campus TK Primary Library Room(4th Floor), Bookcase 1&2, Shelves 1-16, Dark Blue Books 08/23/2023 7 OCC Fic PZ7.O222 FISTK02400 01/21/2026 01/14/2026 08/23/2023 Books  
    Dewey Decimal Classification     Juvenile Fiction Footprints International School Library Network Toul Tom Poung Campus Footprints International School Library Network Toul Tom Poung Campus TTP Primary Dark Blue Bookshelves 08/08/2025   OCC Fic PZ7.O222 FIS02951 08/08/2025   08/08/2025 Books 2